000 00636nam a2200217 i 4500
001 126082
003 ES-MaACL
005 20250904063057.0
007 t|
008 070214s1912 fr r ||||1| fre d
080 _a811.124(075.4)
100 1 _9242211
_aReinach, Salomon,
_d1858-1932
_eaut
110 1 _a
_9242195
245 1 0 _aCornélie ou le latin sans pleurs /
_cSalomon Reinach.
260 _aLondon ;
_aParis :
_bRichard Clay & Fils,
_c1912.
300 _a186 p., 1 lám. ;
_c13 x 11 cm.
650 4 _aLengua latina-
_vMétodos.
_9162340
852 _aES-MaACL
_jF-706
942 _2udc
999 _c126082
_d126082